<?xml version="1.0" encoding="UTF-8"?>
<record
    xmlns:xsi="http://www.w3.org/2001/XMLSchema-instance"
    xsi:schemaLocation="http://www.loc.gov/MARC21/slim http://www.loc.gov/standards/marcxml/schema/MARC21slim.xsd"
    xmlns="http://www.loc.gov/MARC21/slim">

  <leader>00504nam a22001457a 4500</leader>
  <controlfield tag="003">OSt</controlfield>
  <controlfield tag="005">20150905121224.0</controlfield>
  <controlfield tag="008">150905b        xxu||||| |||| 00| 0 eng d</controlfield>
  <datafield tag="040" ind1=" " ind2=" ">
    <subfield code="c">RUA</subfield>
  </datafield>
  <datafield tag="082" ind1=" " ind2=" ">
    <subfield code="a">AGR &#x1798;&#x17C9;&#x17B6;&#x1793;&#x17CB;&#x200B; 1992 B003 Or.1</subfield>
  </datafield>
  <datafield tag="100" ind1=" " ind2=" ">
    <subfield code="9">27</subfield>
    <subfield code="a">&#x1798;&#x17C9;&#x17B6;&#x1793;&#x17CB;&#x200B; &#x179F;&#x17BB;&#x1792;&#x17B6;&#x179C;&#x17B8;</subfield>
  </datafield>
  <datafield tag="245" ind1=" " ind2=" ">
    <subfield code="a">&#x179F;&#x178F;&#x17D2;&#x179C;&#x179B;&#x17D2;&#x17A2;&#x17B7;&#x178F;&#x200B; &#x1793;&#x17B7;&#x1784;&#x1787;&#x1798;&#x17D2;&#x1784;&#x17B9;&#x179B;&#x17BE;&#x178A;&#x17C6;&#x178E;&#x17B6;&#x17C6;&#x1794;&#x17C9;&#x17C1;&#x1784;&#x1794;&#x17C9;&#x17C4;&#x17C7; &#x1780;&#x17D2;&#x1793;&#x17BB;&#x1784;&#x1781;&#x17C1;&#x178F;&#x17D2;&#x178F;&#x1780;&#x178E;&#x17D2;&#x178A;&#x17B6;&#x179B;</subfield>
  </datafield>
  <datafield tag="300" ind1=" " ind2=" ">
    <subfield code="a">87p.</subfield>
    <subfield code="b">ill.</subfield>
    <subfield code="c">29cm.</subfield>
  </datafield>
  <datafield tag="942" ind1=" " ind2=" ">
    <subfield code="2">ddc</subfield>
    <subfield code="c">AGR</subfield>
  </datafield>
  <datafield tag="999" ind1=" " ind2=" ">
    <subfield code="c">26</subfield>
    <subfield code="d">26</subfield>
  </datafield>
  <datafield tag="952" ind1=" " ind2=" ">
    <subfield code="0">0</subfield>
    <subfield code="1">0</subfield>
    <subfield code="2">ddc</subfield>
    <subfield code="4">0</subfield>
    <subfield code="6">AGR_&#x1798;&#x17B6;&#x1793;_1992_000000000000000_B003_OR_1</subfield>
    <subfield code="7">0</subfield>
    <subfield code="9">82</subfield>
    <subfield code="a">LBB</subfield>
    <subfield code="b">LBB</subfield>
    <subfield code="c">B003</subfield>
    <subfield code="d">2015-09-05</subfield>
    <subfield code="l">6</subfield>
    <subfield code="o">AGR &#x1798;&#x17C9;&#x17B6;&#x1793;&#x17CB;&#x200B; 1992 B003 Or.1</subfield>
    <subfield code="p">RUA004522</subfield>
    <subfield code="r">2019-06-12</subfield>
    <subfield code="s">2019-05-08</subfield>
    <subfield code="w">2015-09-05</subfield>
    <subfield code="y">AGR</subfield>
  </datafield>
  <datafield tag="952" ind1=" " ind2=" ">
    <subfield code="0">0</subfield>
    <subfield code="1">0</subfield>
    <subfield code="2">ddc</subfield>
    <subfield code="4">0</subfield>
    <subfield code="6">AGR_&#x1798;&#x17B6;&#x1793;_1992_000000000000000_B003_OR_2</subfield>
    <subfield code="7">0</subfield>
    <subfield code="9">83</subfield>
    <subfield code="a">LBB</subfield>
    <subfield code="b">LBB</subfield>
    <subfield code="c">B003</subfield>
    <subfield code="d">2015-09-05</subfield>
    <subfield code="l">1</subfield>
    <subfield code="o">AGR &#x1798;&#x17C9;&#x17B6;&#x1793;&#x17CB;&#x200B; 1992 B003 Or.2</subfield>
    <subfield code="p">RUA004517</subfield>
    <subfield code="r">2016-10-28</subfield>
    <subfield code="s">2016-10-07</subfield>
    <subfield code="w">2015-09-05</subfield>
    <subfield code="y">AGR</subfield>
  </datafield>
  <datafield tag="952" ind1=" " ind2=" ">
    <subfield code="0">0</subfield>
    <subfield code="1">0</subfield>
    <subfield code="2">ddc</subfield>
    <subfield code="4">0</subfield>
    <subfield code="6">AGR_&#x1798;&#x17B6;&#x1793;_1992_000000000000000_B003_OR_3</subfield>
    <subfield code="7">0</subfield>
    <subfield code="9">84</subfield>
    <subfield code="a">LBB</subfield>
    <subfield code="b">LBB</subfield>
    <subfield code="c">B003</subfield>
    <subfield code="d">2015-09-05</subfield>
    <subfield code="l">4</subfield>
    <subfield code="o">AGR &#x1798;&#x17C9;&#x17B6;&#x1793;&#x17CB;&#x200B; 1992 B003 Or.3</subfield>
    <subfield code="p">RUA004587</subfield>
    <subfield code="r">2017-11-01</subfield>
    <subfield code="s">2017-10-20</subfield>
    <subfield code="w">2015-09-05</subfield>
    <subfield code="y">AGR</subfield>
  </datafield>
  <datafield tag="952" ind1=" " ind2=" ">
    <subfield code="0">0</subfield>
    <subfield code="1">0</subfield>
    <subfield code="2">ddc</subfield>
    <subfield code="4">0</subfield>
    <subfield code="6">AGR_&#x1798;&#x17B6;&#x1793;_1992_000000000000000_B003_OR_4</subfield>
    <subfield code="7">0</subfield>
    <subfield code="9">85</subfield>
    <subfield code="a">LBB</subfield>
    <subfield code="b">LBB</subfield>
    <subfield code="c">B003</subfield>
    <subfield code="d">2015-09-05</subfield>
    <subfield code="l">2</subfield>
    <subfield code="o">AGR &#x1798;&#x17C9;&#x17B6;&#x1793;&#x17CB;&#x200B; 1992 B003 Or.4</subfield>
    <subfield code="p">RUA004514</subfield>
    <subfield code="r">2021-01-12</subfield>
    <subfield code="s">2019-11-26</subfield>
    <subfield code="w">2015-09-05</subfield>
    <subfield code="y">AGR</subfield>
  </datafield>
  <datafield tag="952" ind1=" " ind2=" ">
    <subfield code="0">0</subfield>
    <subfield code="1">0</subfield>
    <subfield code="2">ddc</subfield>
    <subfield code="4">0</subfield>
    <subfield code="6">AGR_&#x1798;&#x17B6;&#x1793;_1992_000000000000000_B003_OR_5</subfield>
    <subfield code="7">0</subfield>
    <subfield code="9">86</subfield>
    <subfield code="a">LBB</subfield>
    <subfield code="b">LBB</subfield>
    <subfield code="c">B003</subfield>
    <subfield code="d">2015-09-05</subfield>
    <subfield code="l">2</subfield>
    <subfield code="o">AGR &#x1798;&#x17C9;&#x17B6;&#x1793;&#x17CB;&#x200B; 1992 B003 Or.5</subfield>
    <subfield code="p">RUA004520</subfield>
    <subfield code="r">2021-12-01</subfield>
    <subfield code="s">2021-11-24</subfield>
    <subfield code="w">2015-09-05</subfield>
    <subfield code="y">AGR</subfield>
  </datafield>
  <datafield tag="952" ind1=" " ind2=" ">
    <subfield code="0">0</subfield>
    <subfield code="1">0</subfield>
    <subfield code="2">ddc</subfield>
    <subfield code="4">0</subfield>
    <subfield code="6">AGR_&#x1798;&#x17B6;&#x1793;_1992_000000000000000_B003_OR_6</subfield>
    <subfield code="7">0</subfield>
    <subfield code="9">87</subfield>
    <subfield code="a">LBB</subfield>
    <subfield code="b">LBB</subfield>
    <subfield code="c">B003</subfield>
    <subfield code="d">2015-09-05</subfield>
    <subfield code="l">1</subfield>
    <subfield code="o">AGR &#x1798;&#x17C9;&#x17B6;&#x1793;&#x17CB;&#x200B; 1992 B003 Or.6</subfield>
    <subfield code="p">RUA004592</subfield>
    <subfield code="r">2016-07-26</subfield>
    <subfield code="s">2016-07-12</subfield>
    <subfield code="w">2015-09-05</subfield>
    <subfield code="y">AGR</subfield>
  </datafield>
  <datafield tag="952" ind1=" " ind2=" ">
    <subfield code="0">0</subfield>
    <subfield code="1">0</subfield>
    <subfield code="2">ddc</subfield>
    <subfield code="4">0</subfield>
    <subfield code="6">AGR_&#x1798;&#x17B6;&#x1793;_1992_000000000000000_B003_OR_7</subfield>
    <subfield code="7">0</subfield>
    <subfield code="9">54703</subfield>
    <subfield code="a">LBB</subfield>
    <subfield code="b">LBB</subfield>
    <subfield code="c">B003</subfield>
    <subfield code="d">2016-10-27</subfield>
    <subfield code="l">2</subfield>
    <subfield code="o">AGR &#x1798;&#x17C9;&#x17B6;&#x1793;&#x17CB;&#x200B; 1992 B003 Or.7</subfield>
    <subfield code="p">A01570</subfield>
    <subfield code="r">2022-01-21</subfield>
    <subfield code="s">2022-01-21</subfield>
    <subfield code="w">2016-10-27</subfield>
    <subfield code="y">AGR</subfield>
  </datafield>
</record>
